000 00222nam a22000857a 4500
008 160917b xxu||||| |||| 00| 0 eng d
100 _9639
_aCBSE
245 _aEnglish in Interact-X
260 _aNew Delhi
_bFrank Publications
_c2011
999 _c3298
_d3298